ბათუმის შოთა რუსთაველის სახელმწიფო უნივერსიტეტის ბიბლიოთეკა

წამების აკრძალვა : (ბიბ.ჩანაწერი № 59413)

000 -ლიდერი
ფიქსირებული სიგრძის საკონტროლო ველი 01633nam a22002177a 4500
003 - საკონტროლო ნომრის იდენტიფიკატორი
საკონტროლო ველი Ge_BSU
005 - ბოლო ოპერაციის თარიღი და დრო
საკონტროლო ველი 20230213144309.0
008 - ფიქსირებული სიგრძის მონაცემთა ელემენტები - ზოგადი ინფორმაცია
ფიქსირებული სიგრძის საკონტროლო ველი 230213s2004 ge ||||| |||| 00| 0 geo d
020 ## - წიგნის საერთაშორისო სტანდარტული ნომერი
International Standard Book Number 9994072994
041 ## - ენის კოდი
Language code of text/sound track or separate title geo
080 ## - უნივერსალური ათობითი კლასიფიკაციის ინდექსი
Universal Decimal Classification number 341.231.14 343.25 წ-19
245 ## - ცნობა სათაურის შესახებ
Title წამების აკრძალვა :
Remainder of title "არავინ შეიძლება დაექვემდებაროს წამებას ან არაადამიანურ ან დამამცირებელ მოპყრობას ან დასჯას" : ადამიანის უფლებათა ევროპული კონვენციის მე-3 მუხლი /
Statement of responsibility, etc საქ. ახალგაზრდა იურისტთა ასოციაცია ; [რედ.: ირაკლი სესიაშვილი, ბესარიონ ბოხაშვილი ; თარგმანი: რუსუდან ტუშური, ნიკოლოზ გეგეშიძე].
264 ## - წარმოების, გამოცემის, დისტრიბუციის და სხვა ცნობები
გამოცემის, წარმოების, დისტრიბუციის... ადგილი თბილისი,
გამოცემის, წარმოების, დისტრიბუციის... თარიღი 2004.
300 ## - ფიზიკური აღწერა
Extent 387 გვ. ;
Other physical details 20 სმ.
490 ## - სერიის ცნობა
Series statement ახალგაზრდა იურისტთა ბიბლიოთეკა
Volume number/sequential designation 5
504 ## - BIBLIOGRAPHY, ETC. NOTE
Bibliography, etc ბიბლიოგრ. ტექსტის შენიშვნ.
653 ## - INDEX TERM--UNCONTROLLED
Uncontrolled term ადამიანის უფლებათა ევროპული კონვენცია.
653 ## - INDEX TERM--UNCONTROLLED
Uncontrolled term ადამიანის წამება
700 ## - ADDED ENTRY--PERSONAL NAME
Personal name სესიაშვილი, ირაკლი
Relator term რედაქტორი
9 (RLIN) 16900
942 ## - ADDED ENTRY ELEMENTS (KOHA)
Source of classification or shelving scheme
Koha item type წიგნი
ეგზემპლარები
ჩამოწერის სტატუსი დაკარგული ეგზემპლარის სტატუსი კლასიფიკაციის წყარო ან თაროზე გაწყობის სქემა დაზიანების სტატუსი არ გაიცემა მუდმივი მდებარეობა (დაცვის ადგილი) ამჟამინდელი ადგილსამყოფელი თაროზე განთავსების ადგილი შეძენის თარიღი ღირებულება, შესყიდვის ნორმალური ფასი სრული შენახვის შიფრი შტრიხკოდი ბოლო ოპერაციის თარიღი ეგზემპლარის მიმდევრობითი ნომერი (კეტერი?) ფასის ძალაში შესვლის თარიღი ეგზემპლარის სახეობა საჯარო შენიშვნა
          ბათუმის შოთა რუსთაველის სახელმწიფო უნივერსიტეტის მთავარი ბიბლიოთეკა ბათუმის შოთა რუსთაველის სახელმწიფო უნივერსიტეტის მთავარი ბიბლიოთეკა წიგნსაცავი 2023-02-13 7.00 341.231.14 343.25 წ-19 63737 2023-02-13 63737 2023-02-13 წიგნი 7 ლ.